| 000 | 00541nam a2200193 u 4500 | ||
|---|---|---|---|
| 005 | 20240806064214.0 | ||
| 008 | 091014s2007 ag r 000 0 spa d | ||
| 020 | _a9789870006909 | ||
| 035 | _aUPN01000173166 | ||
| 049 | _aF | ||
| 050 | 4 |
_aBF575 L3 _bZ4.3 |
|
| 100 | 1 |
_aZeller, Jacko, _d1938- _930160 |
|
| 245 | 1 | 0 |
_aDiccionario de humor psicoanalĂtico / _cJacko Zeller. |
| 260 |
_aBuenos Aires : _bLumen, _c2007. |
||
| 300 |
_a47 h. : _bil. |
||
| 650 | 2 |
_aHUMORISMO Y AGUDEZAS _93034 |
|
| 650 | 4 |
_aPsicoanálisis _91572 |
|
| 905 | _aLibro | ||
| 999 |
_c145270 _d145270 |
||